|
|
|
|
| LEADER |
04063nam a22004453i 4500 |
| 001 |
EBC7245414 |
| 003 |
MiAaPQ |
| 005 |
20231204023229.0 |
| 006 |
m o d | |
| 007 |
cr cnu|||||||| |
| 008 |
231204s2017 xx o ||||0 eng d |
| 020 |
|
|
|a 9781317202127
|q (electronic bk.)
|
| 020 |
|
|
|z 9781138673809
|
| 035 |
|
|
|a (MiAaPQ)EBC7245414
|
| 035 |
|
|
|a (Au-PeEL)EBL7245414
|
| 035 |
|
|
|a (OCoLC)1147284104
|
| 040 |
|
|
|a MiAaPQ
|b eng
|e rda
|e pn
|c MiAaPQ
|d MiAaPQ
|
| 082 |
0 |
|
|a 362.1
|
| 100 |
1 |
|
|a Mattila, Mikko.
|
| 245 |
1 |
0 |
|a Health and Political Engagement.
|
| 250 |
|
|
|a 1st ed.
|
| 264 |
|
1 |
|a Milton :
|b Taylor & Francis Group,
|c 2017.
|
| 264 |
|
4 |
|c ©2018.
|
| 300 |
|
|
|a 1 online resource (139 pages)
|
| 336 |
|
|
|a text
|b txt
|2 rdacontent
|
| 337 |
|
|
|a computer
|b c
|2 rdamedia
|
| 338 |
|
|
|a online resource
|b cr
|2 rdacarrier
|
| 490 |
1 |
|
|a Routledge Research in Comparative Politics Series
|
| 505 |
0 |
|
|a Cover -- Half Title -- Series -- Title -- Copyright -- Contents -- List of figures -- List of tables -- Foreword -- 1 Introduction: health and political engagement -- Health and inequality -- Health: definition and trends -- Defining political engagement -- The Finnish context -- Data -- Plan of the book -- References -- 2 Theoretical framework -- Previous research -- Health and political participation -- Health and ideology -- Disability and political participation -- Aggregate-level studies -- The current state of research -- A theoretical framework for connecting health and political engagement -- Resource theory -- Self-interest theory -- Theories of social context -- References -- 3 Health and political participation -- Introduction -- Health in the funnel model of political participation -- Theoretical expectations -- Analysis -- Conclusions -- References -- 4 Health and political orientations -- Introduction -- Interest, efficacy and satisfaction with democracy -- Political trust and knowledge -- Left-right orientation -- Conclusions -- References -- 5 Health and the social context -- Introduction -- Theoretical expectations -- Analysis -- Social networks, health and political engagement -- Collective identity, health and political engagement -- Conclusions -- References -- 6 Health and political participation from a cross-national perspective -- Introduction -- Cross-national health gaps in political participation -- Estimations of health gaps in political participation -- Theoretical predictions: context, health and turnout inequality -- Compulsory voting -- Voting facilitation -- Party vs candidate-centred electoral systems -- Number of parties -- Share of left-wing parties -- Trade union density -- Economic inequality -- Explanatory analysis of cross-national health gaps in turnout -- Bivariate correlations.
|
| 505 |
8 |
|
|a Plotting contextual factors against health effects on turnout -- Multivariate regression -- Conclusions -- References -- 7 Health and political representation -- Introduction -- Health and political preferences -- Measuring opinion congruence -- Analysis -- Conclusions -- References -- 8 Conclusions -- Summary of the main findings -- Hypotheses and theoretical considerations -- Avenues for further research -- Final words: what to do with health-related inequalities in political engagement? -- References -- Appendix: data sources -- Index.
|
| 588 |
|
|
|a Description based on publisher supplied metadata and other sources.
|
| 590 |
|
|
|a Electronic reproduction. Ann Arbor, Michigan : ProQuest Ebook Central, 2023. Available via World Wide Web. Access may be limited to ProQuest Ebook Central affiliated libraries.
|
| 655 |
|
4 |
|a Electronic books.
|
| 700 |
1 |
|
|a Rapeli, Lauri.
|
| 700 |
1 |
|
|a Wass, Hanna.
|
| 700 |
1 |
|
|a Söderlund, Peter.
|
| 776 |
0 |
8 |
|i Print version:
|a Mattila, Mikko
|t Health and Political Engagement
|d Milton : Taylor & Francis Group,c2017
|z 9781138673809
|
| 797 |
2 |
|
|a ProQuest (Firm)
|
| 830 |
|
0 |
|a Routledge Research in Comparative Politics Series
|
| 856 |
4 |
0 |
|u https://ebookcentral.proquest.com/lib/matrademy/detail.action?docID=7245414
|z Click to View
|